Tchuba na desert (Registo nº 4006)

Detalhes MARC
000 -Etiqueta do registo
Cabeçalho 01083nam0a2200289 4500
005 - Identificador da versão
Campo de controlo 20240813122050.0
010 ## - Número internacional normalizado dos livros (ISBN)
Número (ISBN) 9789892004068
Número (ISBN) 989-20-0406-X
021 ## - Número do Depósito Legal
Código do país PT
Número 251469/06
100 ## - Dados gerais de processamento
Dados gerais de processamento 20190625d2006 m y0pory5003 ba
102 ## - Pais de publicação ou produção
País de publicação Portugal
101 0# - Língua de publicação
Língua do texto, banda sonora, etc. Português
215 ## - Descrição física 
Indicação específica da natureza do documento e extensão da espécie 236 p.
Outras indicações físicas il
200 1# - Titulo e menção de responsabilidade
Título próprio Tchuba na desert
Informação de outro título antologia do conto inédito caboverdiano
Primeira menção de responsabilidade Germano Almeida... [et al.]
Outras menções de responsabilidade org. Francisco Fontes
-- desenhos de Tchalê Figueira
210 ## - Publicação, Distribuição, etc. 
Lugar da edição, distribuição, etc. Coimbra
Nome do editor, distribuidor, etc. Saúde em Português - Associação de Profissionais de Cuidados de Saúde Primários dos Países de Língua Portuguesa
Data da publicação, distribuição, etc. cop. 2006
606 ## - Nome comum usado como assunto
Número de registo de entrada de autoridade 0002153
Palavra de ordem Literatura cabo-verdiana
Subdivisão de assunto Conto
Código do sistema CA
675 ## - Classificação Decimal Universal (CDU)
Notação 821.134.3(665.8)-34
Edição 3ª ed.
Língua da edição por
702 #1 - Nome de autor-pessoa física (responsabilidade secundária)
Número de registo de entrada de autoridade 0000481
Palavra de ordem Fontes
Outra parte do nome não tomada para palavra de ordem Francisco
Código de função Editor literário / Coordenador
Número de registo de entrada de autoridade 0000482
Palavra de ordem Figueira
Outra parte do nome não tomada para palavra de ordem Tchalê
Código de função Ilustrador / Técnico de desenho computorizado
701 #1 - Nome de autor-pessoa física (co-responsabilidade principal)
Palavra de ordem Almeida
Outra parte do nome não tomada para palavra de ordem Germano
Elementos de identificação ou distinção et al.
Datas 1945-
Código de função Autor / Co-autor
Palavra de ordem Araújo
Outra parte do nome não tomada para palavra de ordem Carlos
Elementos de identificação ou distinção et al.
Código de função Autor / Co-autor
Palavra de ordem Arena
Outra parte do nome não tomada para palavra de ordem Joaquim
Elementos de identificação ou distinção et al.
Código de função Autor / Co-autor
966 ## - Identificação da Biblioteca
Sigla EBVEN
942 ## - Elementos de entrada adicionados (Koha)
Tipo de item no Koha Livro
Exemplares
Situação do levantamento Origin of item (home branch) (coded) Biblioteca de empréstimo Código de barras Cota Circulation type (not for loan) Tipo de documento Nota do exemplar Damaged status
  Biblioteca Escolar das Vendas Biblioteca Escolar das Vendas BEV1742 8POR TCH   Livro Sem mensagem